000 00572nam a2200217Ia 4500
003 OSt
005 20220918191946.0
006 a|||||r|||| 00| 0
007 ta
008 220917b |||||||| |||| 00| 0 eng d
024 _a66,164
037 _cTextual
040 _aARTS
_cARTS
_beng
041 _2eng
_aeng
082 _aR3xC57:1:9, F0
100 _aUrwick Edward J
_977862
245 0 _aMessage of Plato
_b a reinterpretation of the Republic
260 _c1920
942 _hR3xC57:1:9, F0
_cTEXL
_2CC
999 _c192398
_d192398